000 00529nam a22002057a 4500
003 LK-CoMWRAF
005 20231023154548.0
008 230926b |||||||| |||| 00| 0 eng d
040 _aLK-CoMWRAF
_dLK-CoMWRAF
_eLK-CoMWRAF
041 _aeng
082 _a274.13
_bRAH
100 _aRahnema, Zeinolabedin
245 _aPayambar :
_bThe messenger
260 _aLahore :
_bSh. M. Ashraf,
_c1966
490 _aVolume one
650 _aMuhammad
650 _aProphet
700 _aElwell-Sutton. L. P.
_etrans.
942 _cBK
999 _c3683
_d3683